000 00357nam a22001217a 4500
999 _c1809
_d1809
005 20200903153222.0
008 200903b ||||| |||| 00| 0 eng d
020 _a0335002684
040 _cCML
245 _aThe Future with Microelectronics.
_cBarron, I.
260 _aLondon
_bFrances Pinter
_c1979
942 _2ddc
_cBK
_e1st Edition
_h621
_mBAR